01419nab a2200385 a 450000100060000000300080000600500170001400600190003100700150005000800410006502200140010603500210012004000260014105000200016708000120018708200150019910000190021422200460023324501760027926000750045530000140053031000150054436200280055953301640058765000230075165000250077465000190079965000190081865500320083770000200086971000190088974000470090885600610095599900170101625529FlNmELB20241216215829.0m o d | cr cn|||||||||201104r2009 sz |||||s|||||||||||spa d a0250-605X a(OCoLC)955450647 aFlNmELBbspacFlNmELB 4aHN18bK867 2009 a304.2.104a361.612221 aKoster, Ferry. 0aRevista internacional de Seguridad Social10aGestión del riesgo en un mundo que se globalizah[recurso electronico] :banálisis empírico de las preferencias individuales en 26 países europeos /cFerry Koster. a[Ginebra] :bAsociación Internacional de la Seguridad Social,c2009. a85-106 p. aTrimestral0 aVol. 62, Num. 3 (2009)- aRecurso electrónico. Santa Fe, Arg.: e-libro, 2015. Disponible vía World Wide Web. El acceso puede estar limitado para las bibliotecas afiliadas a e-libro. 0aPolítica social. 0aEstado de bienestar. 0aSocial policy. 0aWelfare state. 4aArtículos electrónicos.1 aDiamond, Peter.2 ae-libro, Corp.02aRevista internacional de Seguridad Social.40uhttps://elibro.net/ereader/politecnicointernacional/8757 c25529d25529